Střelná poranění /

Hlavní autor: Šafr, Miroslav, 1973-
Další autoři: Hejna, Petr, 1979-
Jazyk: Čeština
Vydáno: Praha : Galén, c2010
Vydání: 1. vyd.
Témata:
Externí odkaz: Digitalizovaný dokument
Fyzický popis: 259 s. : il. (převážně barev.) ; 23 cm
Knihy
Uloženo v:
LEADER 01629nam a2200433 a 4500
001 nkc20102155422
003 CZ PrNK
005 20110221125232.0
007 ta
008 101208s2010 xr a f 001 0 cze
015 |a cnb002155422 
020 |a 978-80-7262-696-0  |q (brož.) 
035 |a (OCoLC)707609198 
040 |a BOA001  |b cze 
072 7 |a 616  |x Patologie. Klinická medicína  |2 Konspekt  |9 14 
080 |a 616-001.45  |2 MRF 
080 |a 343.983:616-001  |2 MRF 
080 |a (048.8)  |2 MRF 
100 1 |a Šafr, Miroslav,  |d 1973-  |7 xx0114767  |4 aut 
245 1 0 |a Střelná poranění /  |c Miroslav Šafr, Petr Hejna 
250 |a 1. vyd. 
260 |a Praha :  |b Galén,  |c c2010 
300 |a 259 s. :  |b il. (převážně barev.) ;  |c 23 cm 
504 |a Obsahuje bibliografii a rejstřík 
521 8 |a Určeno odborné veřejnosti 
650 0 7 |a střelná poranění  |7 ph139033  |2 czenas 
650 0 7 |a forenzní traumatologie  |7 ph566418  |2 czenas 
650 0 9 |a gunshot wounds  |2 eczenas 
650 0 9 |a forensic traumatology  |2 eczenas 
655 7 |a monografie  |7 fd132842  |2 czenas 
655 9 |a monographs  |2 eczenas 
700 1 |a Hejna, Petr,  |d 1979-  |7 xx0107796  |4 aut 
856 4 1 |u http://www.digitalniknihovna.cz/mzk/uuid/uuid:d7973c50-318e-11e8-9dd8-005056827e51  |y Digitalizovaný dokument  |x NDK 
910 2 |a BOA001  |b 2-1258.159 
990 |a BK 
995 |a 01 
991 |b 201102  |c NOV  |j 616-001 ŠAF  |e n 
996 6 |b 2610460210  |c 2-1258.159  |l MZK  |r Sklad / do 1 hodiny  |n 4  |p p.v.  |w 001164150  |u 000010  |a 1  |e BOA001  |j MZK50  |s P 
996 7 |b 2610462319  |c 2-1258.159  |l Vol.výběr  |r VV 1p  |n 27  |p kup  |h 616-001 ŠAF  |w 001164150  |u 000020  |a 0  |e BOA001  |j MZK50  |s A